00769nam a2200217Ii 450000100060000000300090000600800410001504000330005604100080008908200170009710000290011424500480014326400590019130000120025033600260026233700280028833800270031694000520034399900170039595201390041210968CO-ViMGA241108s9999||||xx |||||||||||||| ||und|| aCO-ViMGAbspaerdacCO-ViMGA0 aunk04a658.514 M18a1 aNelson R. Mata C.95638510aAutomatización y simulación de procesos 1a[Lugar de publicación no identificado] : SECAB, 1994 avolumen atextbtxt2rdacontent aunmediatedbn2rdamedia avolumebnc2rdacarrier aidficha_siabuc: 10710. -- ficha_no_siabuc:10968 c54324d54324 001040708001aMEVIGERRbMEVIGERRcGENd2006-11-27o658.514 M18apECA11878r2024-11-26 10:41:20tEj.1w2024-11-26yBKz10710 | 14481